000
002560000a22000970004500
100
1
_a
Wilfred, Felix (1948-)
245
1
0
_a
Elogio del relativismo cristiano
300
_a
Vol.314, núm.314 (Febrero, 2006), Páginas 99-108
773
0
_t
Concilium
942
_c
ANA
999
_c
61241
_d
61241